| 000 | 02603nam a22003377a 4500 | ||
|---|---|---|---|
| 005 | 20090121151350.0 | ||
| 008 | 090121t xxu||||| |||| 00| 0 hin d | ||
| 010 | _aHIN-93823 B-471634-637 | ||
| 020 |
_c575.00 _a9789380146171 |
||
| 035 | _aHN-66169 B-471634-637 | ||
| 037 | _bDBAD /PUB | ||
| 037 | _bके.के.पब्लिकेशंस | ||
| 040 |
_aDPL _bHN |
||
| 082 | _a820.92 | ||
| 100 |
_933818 _aश्रोत्रिय, प्रभाकर |
||
| 245 |
_aसमय में विचार / _cप्रभाकर श्रोत्रिय |
||
| 246 |
_aSamay mein vichar _bby Prabhakar Shrotriya |
||
| 260 |
_aनई दिल्ली _bकिताबघर प्रकाशन _c2011 |
||
| 270 |
_a4855-56/24, अंसारी रोड, दरियागंज _bनई दिल्ली _e110002 |
||
| 300 |
_a391पृ. _c22सेमी (सजिल्द) |
||
| 650 | _9697 | ||
| 650 | _933922 | ||
| 700 | _933853 | ||
| 942 |
_2ddc _cHN _mश्रोत्रिय _h820.92 |
||
| 999 |
_c56132 _d56132 |
||